000 00318nam a2200133Ia 4500
008 240624s9999 xx 000 0 und d
041 _aeng
082 _a300.72 RAO
100 _aRAO VITHALA R
245 _aAPPLIED CONJOINT ANALYSIS
260 _c2014
_aNew Delhi
_bSpringer
300 _a389 : p.
365 _cERU
_b28
999 _c23960
_d23960